Fundamentals of speech recognition / (Record no. 1478)
[ view plain ]
| 000 -LEADER | |
|---|---|
| fixed length control field | 00798nac a22002051u 4500 |
| 010 ## - LIBRARY OF CONGRESS CONTROL NUMBER | |
| LC control number | 92034093 |
| 020 ## - INTERNATIONAL STANDARD BOOK NUMBER | |
| International Standard Book Number | 0130151572 |
| 082 00 - DEWEY DECIMAL CLASSIFICATION NUMBER | |
| Classification number | 006.454 |
| Item number | R1163 |
| 090 ## - LOCALLY ASSIGNED LC-TYPE CALL NUMBER (OCLC); LOCAL CALL NUMBER (OCLC) | |
| -- | 1478 |
| -- | 1478 |
| 100 ## - MAIN ENTRY--PERSONAL NAME | |
| Personal name | Rabiner, Lawrence R., |
| 245 10 - TITLE STATEMENT | |
| Title | Fundamentals of speech recognition / |
| Statement of responsibility, etc | Lawrence Rabiner, Biing-Hwang Juang. |
| 260 ## - PUBLICATION, DISTRIBUTION, ETC. (IMPRINT) | |
| Place of publication, distribution, etc | New Delhi : |
| Name of publisher, distributor, etc | Pearson Education, |
| Date of publication, distribution, etc | 2003. |
| 300 ## - PHYSICAL DESCRIPTION | |
| Extent | xxxv, 507 p. : |
| Other physical details | ill. ; |
| Dimensions | 25 cm. |
| 504 ## - BIBLIOGRAPHY, ETC. NOTE | |
| Bibliography, etc | Includes bibliographical references and index. |
| 650 #0 - SUBJECT ADDED ENTRY--TOPICAL TERM | |
| Topical term or geographic name as entry element | Automatic speech recognition. |
| 650 #0 - SUBJECT ADDED ENTRY--TOPICAL TERM | |
| Topical term or geographic name as entry element | Speech processing systems. |
| 700 1# - ADDED ENTRY--PERSONAL NAME | |
| Personal name | Juang, B. H. |
| Fuller form of name | (Biing-Hwang) |
| 942 ## - ADDED ENTRY ELEMENTS (KOHA) | |
| Item type | Book - Borrowing |
| Call number prefix | 006.454R1163 |
| Withdrawn status | Item status | Source of classification or shelving scheme | Damaged status | Not for loan | Vendor | Home library | Current library | Shelving location | Date acquired | Source of acquisition | Cost, normal purchase price | Total Checkouts | Total Renewals | Full call number | Barcode | Date last seen | Date last borrowed | Cost, replacement price | Koha item type |
|---|---|---|---|---|---|---|---|---|---|---|---|---|---|---|---|---|---|---|---|
| Dewey Decimal Classification | Central Library | Central Library | Lower Floor | 06/09/2014 | 110.00 | 4 | 3 | 006.454 RAB | 000002915 | 15/07/2025 | 26/09/2017 | 137.50 | Book - Borrowing |